| 000 | 00464pam a2200181 i 4500 | ||
|---|---|---|---|
| 020 | _a0471044598 | ||
| 040 | _cDLC | ||
| 082 | 0 | 0 | _a910 WIL 1979 A104 Or. |
| 100 | 1 | _aStrahler, Arthur Newell, | |
| 245 | 1 | 0 | _aElements of physical geography / |
| 250 | _a2d ed. | ||
| 260 |
_aNew York : _bWiley, _cc1979. |
||
| 300 |
_axii, 560 p. : _bill. ; _c29 cm. |
||
| 500 | _aIncludes index. | ||
| 650 | 0 | _aPhysical geography. | |
| 700 | 1 | _aStrahler, Alan H., | |
| 942 | _cEK | ||
| 999 |
_c13966 _d13966 |
||